|
|
|
|
| LEADER |
00000cam a2200000 7i4500 |
| 001 |
0000021621 |
| 005 |
20080721.0 |
| 008 |
080721 |
| 020 |
|
|
|a 7801755513
|
| 090 |
0 |
0 |
|a 951.07092
|b HON
|
| 100 |
1 |
|
|a Hong, Zhao
|
| 245 |
1 |
0 |
|a Qianlong :
|b Qing gao Zong (Chinese)
|c Hong Zhao Zhu
|
| 260 |
|
|
|a Beijing :
|b Zhongguo chang'an chu ban she ,
|c 2007
|
| 440 |
|
|
|a Shi shi qiu shi shuo di wang
|
| 650 |
|
0 |
|a China
|x History
|x Qing dynasty, 1644-1912
|
| 650 |
|
0 |
|a China
|x Kings and rules
|x Biography
|
| 650 |
|
0 |
|a Qinlong, Emperor of China, 1711-1799
|
| 999 |
|
|
|a 0001031137
|b Book
|c Chinese Collection
|e Perbadanan Perpustakaan Awam Johor
|